[Event "Northumbria Masters"]
[Site "Newcastle upon Tyne, ENG"]
[Date "2019.08.26"]
[Round "6.2"]
[White "Tan, Justin"]
[Black "Gormally, Daniel W"]
[Result "0-1"]
[WhiteElo "2503"]
[BlackElo "2495"]
[PlyCount "81"]
[EventDate "2019.08.23"]
[EventRounds "9"]
[EventCountry "ENG"]
[SourceTitle "BritBase"]
[Source "John Saunders"]
[SourceDate "2021.08.31"]
[SourceVersion "1"]
[SourceVersionDate "2021.08.31"]
[SourceQuality "1"]

1. e4 c5 2. Nf3 d6 3. Bb5+ Nd7 4. Ba4 Ngf6 5. O-O e6 6. Re1 a6 7. c4 Be7 8. Nc3
O-O 9. d4 cxd4 10. Qxd4 b6 11. Bg5 Nc5 12. Bc2 h6 13. Bh4 Bb7 14. h3 Rc8 15.
Rad1 Ncd7 16. Bg3 e5 17. Qd3 Qc7 18. Nd2 Nc5 19. Qe2 Ne6 20. Nb3 Nc5 21. f4
Rfe8 22. fxe5 dxe5 23. Kh1 Nxb3 24. axb3 Bb4 25. Rf1 Bxc3 26. bxc3 Qc6 27. Rd5
Qc7 28. Rdd1 Qc6 29. Rde1 Re6 30. Rf3 Nd7 31. Rd1 Nc5 32. Rd5 f6 33. b4 Na4 34.
Qd2 Nb2 35. c5 Nc4 36. Qd3 b5 37. Rf2 a5 38. Rd7 axb4 39. cxb4 Ra8 40. Bh4 Ra3
41. Qd1 0-1

[Event "Northumbria Masters"]
[Site "Newcastle upon Tyne, ENG"]
[Date "2019.08.26"]
[Round "6.3"]
[White "Adair, James R"]
[Black "Siddharth, Jagadeesh"]
[Result "0-1"]
[WhiteElo "2473"]
[BlackElo "2382"]
[PlyCount "76"]
[EventDate "2019.08.23"]
[EventRounds "9"]
[EventCountry "ENG"]
[SourceTitle "BritBase"]
[Source "John Saunders"]
[SourceDate "2021.08.31"]
[SourceVersion "1"]
[SourceVersionDate "2021.08.31"]
[SourceQuality "1"]

1. c4 e6 2. Nc3 d5 3. d4 Nf6 4. cxd5 exd5 5. Bg5 Be7 6. e3 c6 7. Bd3 Nbd7 8. h3
O-O 9. Qc2 Re8 10. Nf3 Nf8 11. O-O Ne4 12. Bf4 Ng5 13. Nxg5 Bxg5 14. Bh2 Be7
15. Rab1 g6 16. b4 a6 17. a4 Ne6 18. Rfc1 a5 19. b5 c5 20. Qa2 c4 21. Be2 Bb4
22. b6 Bxc3 23. Rxc3 Ra6 24. Rcc1 Bd7 25. Bg4 Rxb6 26. Rxb6 Qxb6 27. Rb1 Qc6
28. Qb2 c3 29. Qc2 Qc4 30. Ra1 Rc8 31. Be5 Qb4 32. Bd1 Ng5 33. Qc1 Bf5 34. h4
Ne4 35. Rb1 Qe7 36. Bc2 Qxh4 37. g3 Qg4 38. Rxb7 Qe2 0-1

[Event "Northumbria Masters"]
[Site "Newcastle upon Tyne, ENG"]
[Date "2019.08.26"]
[Round "6.4"]
[White "Berry, Neil"]
[Black "Maksimenko, Andrei"]
[Result "1/2-1/2"]
[WhiteElo "2207"]
[BlackElo "2468"]
[PlyCount "88"]
[EventDate "2019.08.23"]
[EventRounds "9"]
[EventCountry "ENG"]
[SourceTitle "BritBase"]
[Source "John Saunders"]
[SourceDate "2021.08.31"]
[SourceVersion "1"]
[SourceVersionDate "2021.08.31"]
[SourceQuality "1"]

1. d4 d5 2. c4 dxc4 3. e3 e5 4. Bxc4 exd4 5. exd4 Bd6 6. Nf3 Nf6 7. O-O O-O 8.
h3 Nc6 9. Nc3 h6 10. Qc2 Na5 11. Bd3 Be6 12. Re1 Nc6 13. a3 Qc8 14. Be3 Re8 15.
Nb5 Qd7 16. Rad1 Nd5 17. Nxd6 cxd6 18. Qd2 Bf5 19. Bc4 Nce7 20. Qa5 Be6 21. Bd3
a6 22. Bb1 Rac8 23. Nh4 Nf6 24. Bd3 Bd5 25. Qd2 Be4 26. Bxe4 Nxe4 27. Qd3 Nf6
28. Bd2 Qc6 29. Qg3 Ne4 30. Qg4 Nf6 31. Qg3 Ne4 32. Qg4 f5 33. Qf3 Qd5 34. Qd3
Qc4 35. Bc3 Qxd3 36. Rxd3 g6 37. d5 Nxc3 38. Rxc3 Rxc3 39. bxc3 Kf7 40. Re6 Rd8
41. c4 b5 42. cxb5 axb5 43. Kf1 h5 44. Ke1 Rd7 1/2-1/2

[Event "Northumbria Masters"]
[Site "Newcastle upon Tyne, ENG"]
[Date "2019.08.26"]
[Round "6.5"]
[White "Merry, Alan B"]
[Black "Kanyamarala, Tarun"]
[Result "1-0"]
[WhiteElo "2427"]
[BlackElo "2142"]
[PlyCount "95"]
[EventDate "2019.08.23"]
[EventRounds "9"]
[EventCountry "ENG"]
[SourceTitle "BritBase"]
[Source "John Saunders"]
[SourceDate "2021.08.31"]
[SourceVersion "1"]
[SourceVersionDate "2021.08.31"]
[SourceQuality "1"]

1. c4 Nf6 2. Nc3 e6 3. e4 d5 4. cxd5 exd5 5. e5 Ne4 6. Nf3 Bf5 7. d3 Nxc3 8.
bxc3 c5 9. d4 Nc6 10. Bd3 Bxd3 11. Qxd3 cxd4 12. cxd4 Bb4+ 13. Bd2 Bxd2+ 14.
Qxd2 Qa5 15. Rb1 b6 16. Qxa5 Nxa5 17. Rb5 Rd8 18. Ke2 Ke7 19. Rc1 Rc8 20. Rxc8
Rxc8 21. Kd3 Rc1 22. Rxd5 Ra1 23. Nh4 Rxa2 24. f4 g6 25. f5 gxf5 26. Rd6 Ra3+
27. Ke2 Nc4 28. Nxf5+ Ke8 29. Rc6 b5 30. Rc7 a5 31. Re7+ Kd8 32. Rxf7 Ra2+ 33.
Kf3 Ra1 34. e6 Re1 35. Rf8+ Kc7 36. e7 b4 37. Kf2 Re4 38. e8=Q Rxe8 39. Rxe8 b3
40. Re1 Kb6 41. Ke2 Na3 42. Ne3 b2 43. Kd3 b1=Q+ 44. Rxb1+ Nxb1 45. Nc4+ Kb5
46. d5 a4 47. d6 a3 48. Nxa3+ 1-0

[Event "Northumbria Masters"]
[Site "Newcastle upon Tyne, ENG"]
[Date "2019.08.26"]
[Round "6.6"]
[White "Gogia, Armaan"]
[Black "Welling, Gerard"]
[Result "0-1"]
[WhiteElo "1754"]
[BlackElo "2307"]
[PlyCount "104"]
[EventDate "2019.08.23"]
[EventRounds "9"]
[EventCountry "ENG"]
[SourceTitle "BritBase"]
[Source "John Saunders"]
[SourceDate "2021.08.31"]
[SourceVersion "1"]
[SourceVersionDate "2021.08.31"]
[SourceQuality "1"]

1. e4 c6 2. d4 g6 3. Nf3 Bg7 4. c4 d6 5. Nc3 Nd7 6. Be2 e5 7. O-O Nh6 8. dxe5
dxe5 9. Qd6 Bf8 10. Qd1 f6 11. Qc2 Nf7 12. Be3 Bc5 13. Rad1 Bxe3 14. fxe3 Qe7
15. Ne1 O-O 16. Bg4 Nb6 17. Bxc8 Raxc8 18. b3 Ng5 19. Nd3 Ne6 20. Nb1 Nc5 21.
Nb2 Ne6 22. Nd3 Nc5 23. Nb2 a5 24. a3 Ne6 25. Nd3 Ng5 26. c5 Nd7 27. Qc4+ Qe6
28. Rc1 Qxc4 29. Rxc4 b5 30. cxb6 Nxb6 31. Rc5 a4 32. bxa4 Nxe4 33. Ra5 Nc4 34.
Ra6 Rfd8 35. Nb4 c5 36. Nc6 Rd7 37. h3 Rcc7 38. Rc1 Nxe3 39. Nc3 Ng3 40. Kh2
Ngf5 41. Ne4 Kg7 42. Rxc5 Nf1+ 43. Kg1 N1g3 44. Nxg3 Nxg3 45. Kh2 Nf5 46. Nd8
Nd4 47. Rxc7 Rxc7 48. Rd6 Ra7 49. Ne6+ Nxe6 50. Rxe6 Rxa4 51. Re7+ Kh6 52. g4
g5 0-1

[Event "Northumbria Masters"]
[Site "Newcastle upon Tyne, ENG"]
[Date "2019.08.26"]
[Round "6.7"]
[White "Munshi, Aditya"]
[Black "Villiers, Thomas"]
[Result "1-0"]
[WhiteElo "2091"]
[BlackElo "2218"]
[PlyCount "69"]
[EventDate "2019.08.23"]
[EventRounds "9"]
[EventCountry "ENG"]
[SourceTitle "BritBase"]
[Source "John Saunders"]
[SourceDate "2021.08.31"]
[SourceVersion "1"]
[SourceVersionDate "2021.08.31"]
[SourceQuality "1"]

1. e4 e6 2. d4 d5 3. Nd2 Nf6 4. e5 Nfd7 5. Bd3 c5 6. c3 Nc6 7. Ne2 cxd4 8. cxd4
f6 9. exf6 Nxf6 10. Nf3 Bd6 11. O-O Qc7 12. Nc3 a6 13. Bd2 O-O 14. Rc1 h6 15.
h3 Nh5 16. Bb1 Nf4 17. Na4 Bd7 18. Nc5 Rf6 19. Ne5 Nxe5 20. dxe5 Bxe5 21. Nxe6
Nxh3+ 22. gxh3 Qb6 23. Nc5 Bxh3 24. Qh5 Bxf1 25. Qxe5 Bc4 26. Be3 Qc6 27. b3
Re8 28. Qg3 Be2 29. Bd4 Bf3 30. Bxf6 Qxf6 31. Qg6 Qxg6+ 32. Bxg6 Re5 33. Ne6
Rxe6 34. Rc8+ Re8 35. Rxe8# 1-0

[Event "Northumbria Masters"]
[Site "Newcastle upon Tyne, ENG"]
[Date "2019.08.26"]
[Round "6.8"]
[White "Abdulla, Murad"]
[Black "Raetsky, Alexander"]
[Result "0-1"]
[WhiteElo "2265"]
[BlackElo "2404"]
[PlyCount "80"]
[EventDate "2019.08.23"]
[EventRounds "9"]
[EventCountry "ENG"]
[SourceTitle "BritBase"]
[Source "John Saunders"]
[SourceDate "2021.08.31"]
[SourceVersion "1"]
[SourceVersionDate "2021.08.31"]
[SourceQuality "1"]

1. e4 c5 2. Nf3 Nc6 3. d4 cxd4 4. Nxd4 Qb6 5. Nb3 Nf6 6. Nc3 e6 7. a3 Qc7 8. f4
d6 9. Be3 a6 10. Qe2 b5 11. g4 Be7 12. Bg2 Rb8 13. O-O-O b4 14. axb4 Rxb4 15.
Kb1 O-O 16. h4 Na5 17. Na2 Rb8 18. Nxa5 Qxa5 19. e5 dxe5 20. Ba7 Bb7 21. Bxb8
Bxg2 22. Qxg2 Rxb8 23. fxe5 Qxe5 24. c3 Ba3 25. Rd2 Nd5 26. Ka1 Bf8 27. Qe2 Qf4
28. Rd4 Qg3 29. Qh2 Qf3 30. Re1 Rc8 31. Qe2 Qg3 32. g5 g6 33. Rf1 Be7 34. Rg4
Qd6 35. Qf3 Rf8 36. Nb4 Nc7 37. Rc4 a5 38. Nc2 Qb6 39. Nd4 Nd5 40. Rd1 Qd6 0-1

[Event "Northumbria Masters"]
[Site "Newcastle upon Tyne, ENG"]
[Date "2019.08.26"]
[Round "6.9"]
[White "Gourlay, Iain"]
[Black "French, Max"]
[Result "1-0"]
[WhiteElo "2345"]
[BlackElo "2172"]
[PlyCount "93"]
[EventDate "2019.08.23"]
[EventRounds "9"]
[EventCountry "ENG"]
[SourceTitle "BritBase"]
[Source "John Saunders"]
[SourceDate "2021.08.31"]
[SourceVersion "1"]
[SourceVersionDate "2021.08.31"]
[SourceQuality "1"]

1. c4 Nf6 2. Nc3 e6 3. Nf3 Bb4 4. Qc2 O-O 5. a3 Bxc3 6. Qxc3 c5 7. g3 b6 8. b4
Bb7 9. Bg2 d6 10. O-O Nbd7 11. Bb2 Qc7 12. Rac1 Rac8 13. Rfd1 d5 14. bxc5 Nxc5
15. cxd5 Bxd5 16. d4 Na6 17. Qxc7 Nxc7 18. Ne5 Bxg2 19. Kxg2 Ncd5 20. Kf3 Ne7
21. e4 Rxc1 22. Rxc1 Rc8 23. g4 Rxc1 24. Bxc1 Ne8 25. a4 f6 26. Nc4 Kf7 27. Ba3
g5 28. Ke3 Nc8 29. d5 exd5 30. exd5 a6 31. Kd4 b5 32. axb5 axb5 33. Ne3 Ned6
34. f3 Ke7 35. Kc5 Kd7 36. Bb2 Nc4 37. Nxc4 bxc4 38. Bxf6 Nd6 39. Kd4 h6 40.
Bg7 h5 41. gxh5 Nf5+ 42. Ke5 Nxg7 43. h6 c3 44. hxg7 c2 45. g8=Q c1=Q 46. Qe6+
Kd8 47. Qd6+ 1-0

[Event "Northumbria Masters"]
[Site "Newcastle upon Tyne, ENG"]
[Date "2019.08.26"]
[Round "6.10"]
[White "Mosnegutu, Klauss"]
[Black "Fitzsimons, David"]
[Result "0-1"]
[WhiteElo "2230"]
[BlackElo "2317"]
[PlyCount "107"]
[EventDate "2019.08.23"]
[EventRounds "9"]
[EventCountry "ENG"]
[SourceTitle "BritBase"]
[Source "John Saunders"]
[SourceDate "2021.08.31"]
[SourceVersion "1"]
[SourceVersionDate "2021.08.31"]
[SourceQuality "1"]

1. d4 Nf6 2. c4 g6 3. Nc3 Bg7 4. e4 d6 5. f4 O-O 6. Nf3 Na6 7. Be3 c5 8. h3 Qa5
9. Qd2 cxd4 10. Bxd4 Nc5 11. Rb1 e5 12. fxe5 dxe5 13. Bxc5 Qxc5 14. b4 Qe7 15.
Bd3 Be6 16. g4 Rac8 17. Nd5 Bxd5 18. cxd5 Nxd5 19. exd5 e4 20. O-O exd3 21.
Qxd3 Qd6 22. Kg2 Rc3 23. Qe4 Rfc8 24. Rf2 R3c4 25. Qd3 Rf4 26. Qe3 h6 27. Rd1
a6 28. a3 Rcc4 29. Rd3 Kh7 30. g5 Rce4 31. Qc5 Bf8 32. Qxd6 Bxd6 33. Nd2 Rxf2+
34. Kxf2 Rh4 35. Rf3 Rf4 36. Rxf4 Bxf4 37. Ne4 hxg5 38. d6 Kg7 39. d7 Bc7 40.
Nc5 Kf6 41. Nxb7 Ke7 42. Kf3 Bb6 43. d8=Q+ Bxd8 44. Nc5 a5 45. Ke4 axb4 46.
axb4 Kd6 47. Nd3 Bb6 48. Nc1 f5+ 49. Kd3 Ke5 50. Ne2 f4 51. Nc3 f3 52. Na4 Ba7
53. Nc5 Kf4 54. Ne6+ 0-1

[Event "Northumbria Masters"]
[Site "Newcastle upon Tyne, ENG"]
[Date "2019.08.26"]
[Round "6.11"]
[White "Dong, Bao Nghia"]
[Black "Mannion, Stephen R"]
[Result "1-0"]
[WhiteElo "2217"]
[BlackElo "2280"]
[PlyCount "133"]
[EventDate "2019.08.23"]
[EventRounds "9"]
[EventCountry "ENG"]
[SourceTitle "BritBase"]
[Source "John Saunders"]
[SourceDate "2021.08.31"]
[SourceVersion "1"]
[SourceVersionDate "2021.08.31"]
[SourceQuality "1"]

1. d4 d5 2. Nf3 Nf6 3. h3 c5 4. c3 Nc6 5. dxc5 a5 6. Bf4 e6 7. e3 Bxc5 8. Bb5
O-O 9. O-O Qe7 10. Bh2 Bd7 11. Nbd2 Rfd8 12. a4 Be8 13. Qe2 Bd6 14. Bxd6 Rxd6
15. e4 Nxe4 16. Nxe4 dxe4 17. Qxe4 Rad8 18. Rfe1 Qf6 19. Qc2 Qg6 20. Re4 h6 21.
Qe2 Qf6 22. Re1 Bd7 23. Qe3 Ne7 24. Bxd7 R6xd7 25. Qc1 Nc6 26. Rf4 Qe7 27. Rg4
Qf6 28. Qc2 Rd5 29. b4 axb4 30. cxb4 Nd4 31. Nxd4 Rxd4 32. Rxd4 Qxd4 33. b5 b6
34. g3 Rd5 35. Re4 Qd1+ 36. Qxd1 Rxd1+ 37. Kg2 Ra1 38. Rc4 Kf8 39. Kf3 Ke7 40.
Rc7+ Kf6 41. Ra7 Ra2 42. h4 h5 43. Ke3 g6 44. f3 Ra3+ 45. Ke4 Rb3 46. Kd4 Rxf3
47. a5 bxa5 48. b6 Rb3 49. b7 a4 50. Kc5 a3 51. Kc6 Rc3+ 52. Kd7 Rb3 53. Kc8
Rc3+ 54. Kb8 Rxg3 55. Ra5 Rb3 56. Kc7 Rxb7+ 57. Kxb7 e5 58. Kc6 Kf5 59. Kd5 e4
60. Kd4+ Kf4 61. Rxa3 f5 62. Ra1 Kf3 63. Ra3+ Kf2 64. Re3 f4 65. Rxe4 f3 66.
Re6 Kg3 67. Rxg6+ 1-0

[Event "Northumbria Masters"]
[Site "Newcastle upon Tyne, ENG"]
[Date "2019.08.26"]
[Round "6.12"]
[White "Jaufarally, Nadia"]
[Black "Storey, Charles H"]
[Result "0-1"]
[WhiteElo "1934"]
[BlackElo "2261"]
[PlyCount "102"]
[EventDate "2019.08.23"]
[EventRounds "9"]
[EventCountry "ENG"]
[SourceTitle "BritBase"]
[Source "John Saunders"]
[SourceDate "2021.08.31"]
[SourceVersion "1"]
[SourceVersionDate "2021.08.31"]
[SourceQuality "1"]

1. e4 g6 2. d4 Bg7 3. Nc3 c5 4. dxc5 Bxc3+ 5. bxc3 Nc6 6. Be3 Nf6 7. f3 Qa5 8.
Qd2 O-O 9. Bd3 Rd8 10. Ne2 d6 11. cxd6 Rxd6 12. c4 Qxd2+ 13. Bxd2 Ne5 14. Nf4
e6 15. Bc3 Nfd7 16. O-O-O Rc6 17. Ne2 Rc7 18. Rd2 Nxc4 19. Bxc4 Rxc4 20. Rhd1
Rc7 21. Rd6 b6 22. Bb2 Ba6 23. Nf4 Bb5 24. Nd3 Rac8 25. Rd2 Ba4 26. Ne1 Kf8 27.
R6d4 Bb5 28. Ba3+ Ke8 29. Nd3 Bxd3 30. R4xd3 Ne5 31. Rb3 Nc4 32. Re2 Rd7 33.
Bb2 Rcd8 34. Rd3 Rxd3 35. cxd3 Rxd3 36. Bf6 Kd7 37. Bg5 Kc6 38. Kc2 Ra3 39. Kb1
b5 40. Rc2 a6 41. Be7 Rd3 42. a4 Rd1+ 43. Ka2 Rd2 44. Rxd2 Nxd2 45. Bb4 Nf1 46.
axb5+ Kxb5 47. Bd6 Ne3 48. g3 Nf1 49. g4 Nd2 50. f4 Nxe4 51. Be5 Nf2 0-1

[Event "Northumbria Masters"]
[Site "Newcastle upon Tyne, ENG"]
[Date "2019.08.26"]
[Round "6.13"]
[White "Stoyanov, Viktor"]
[Black "Hutchinson, Paul A"]
[Result "1-0"]
[WhiteElo "2207"]
[BlackElo "2177"]
[PlyCount "96"]
[EventDate "2019.08.23"]
[EventRounds "9"]
[EventCountry "ENG"]
[SourceTitle "BritBase"]
[Source "John Saunders"]
[SourceDate "2021.08.31"]
[SourceVersion "1"]
[SourceVersionDate "2021.08.31"]
[SourceQuality "1"]

1. c4 Nf6 2. Nf3 c6 3. d4 d5 4. Qc2 e6 5. Bg5 Nbd7 6. e3 Qa5+ 7. Nc3 Ne4 8.
cxd5 Ba3 9. dxe6 Bxb2 10. exd7+ Bxd7 11. Qxb2 Nxc3 12. Qd2 b5 13. Bd3 f6 14.
Bf4 Qa3 15. O-O Nd5 16. Bg3 O-O 17. Rab1 a5 18. Rb3 Qe7 19. Re1 b4 20. Bc4 Kh8
21. Bxd5 cxd5 22. Rc1 Rfc8 23. Rbb1 Rc4 24. Qe1 Bf5 25. Ra1 a4 26. Qd1 Qd7 27.
Qd2 Qe7 28. Nh4 Bd7 29. Rxc4 dxc4 30. d5 Qc5 31. Nf3 Rc8 32. Qd4 b3 33. Qc3 Qa3
34. axb3 Qxb3 35. Qc1 c3 36. Nd4 Qxd5 37. Qc2 Rc4 38. f3 Qc5 39. Bf2 a3 40. Kf1
Ba4 41. Qe4 h6 42. Qa8+ Kh7 43. g4 c2 44. Nxc2 Bb5 45. Kg1 Rxc2 46. Qxa3 Qc4
47. Re1 Bc6 48. Qa5 Qd3 1-0

[Event "Northumbria Masters"]
[Site "Newcastle upon Tyne, ENG"]
[Date "2019.08.26"]
[Round "6.14"]
[White "Balaji, Aaravamudhan"]
[Black "Han, Yichen"]
[Result "0-1"]
[WhiteElo "2043"]
[BlackElo "2205"]
[PlyCount "72"]
[EventDate "2019.08.23"]
[EventRounds "9"]
[EventCountry "ENG"]
[SourceTitle "BritBase"]
[Source "John Saunders"]
[SourceDate "2021.08.31"]
[SourceVersion "1"]
[SourceVersionDate "2021.08.31"]
[SourceQuality "1"]

1. d4 d5 2. c4 c6 3. e3 Nf6 4. Nc3 e6 5. Qd3 dxc4 6. Qxc4 b5 7. Qd3 Nbd7 8. e4
b4 9. Na4 Bb7 10. e5 Nd5 11. Nf3 Qa5 12. b3 N5b6 13. Nxb6 Nxb6 14. Ng5 h6 15.
Qh3 c5 16. a4 a6 17. Bb2 Be7 18. Nxe6 fxe6 19. Qxe6 Bd5 20. Qg6+ Bf7 21. Qc6+
Kf8 22. e6 Bg6 23. d5 Rd8 24. Qc7 Rh7 25. Qf4+ Kg8 26. Qc7 Re8 27. Qg3 Bf5 28.
Qf4 Rf8 29. Qc7 g6 30. d6 Bd8 31. Qc6 Bxe6 32. d7 Bf5 33. g4 Re7+ 34. Kd2 Be4
35. Qd6 Rxd7 36. Bc4+ Nxc4+ 0-1

[Event "Northumbria Masters"]
[Site "Newcastle upon Tyne, ENG"]
[Date "2019.08.26"]
[Round "6.15"]
[White "Birtwistle, Nigel"]
[Black "Lam, Paul G M"]
[Result "1-0"]
[WhiteElo "2136"]
[BlackElo "2118"]
[PlyCount "75"]
[EventDate "2019.08.23"]
[EventRounds "9"]
[EventCountry "ENG"]
[SourceTitle "BritBase"]
[Source "John Saunders"]
[SourceDate "2021.08.31"]
[SourceVersion "1"]
[SourceVersionDate "2021.08.31"]
[SourceQuality "1"]

1. e4 Nc6 2. Nf3 d6 3. d4 Nf6 4. Nc3 g6 5. h3 Bg7 6. Be3 O-O 7. Qd2 e5 8. d5
Ne7 9. Bh6 c6 10. Bxg7 Kxg7 11. dxc6 Nxc6 12. Bc4 Na5 13. Bb3 b5 14. O-O b4 15.
Nd5 Nxe4 16. Qxb4 f5 17. Rad1 Nxb3 18. axb3 a5 19. Qa3 Ra6 20. Nd2 Nxd2 21.
Rxd2 f4 22. f3 Rf5 23. Nc3 Rh5 24. Ne4 Bxh3 25. gxh3 Rxh3 26. Rff2 d5 27. Kf1
Rh1+ 28. Ke2 Qb6 29. Qe7+ Kg8 30. Rd3 Qb4 31. Qe8+ Kg7 32. Qxe5+ Kh6 33. Qxf4+
Kg7 34. Qe5+ Kf7 35. Qc7+ Ke8 36. Rc3 Qb5+ 37. Kd2 Rc6 38. Nf6+ 1-0

[Event "Northumbria Masters"]
[Site "Newcastle upon Tyne, ENG"]
[Date "2019.08.26"]
[Round "6.16"]
[White "Johnson, Paul A"]
[Black "Eggleston, Thomas A"]
[Result "0-1"]
[WhiteElo "1796"]
[BlackElo "2170"]
[PlyCount "86"]
[EventDate "2019.08.23"]
[EventRounds "9"]
[EventCountry "ENG"]
[SourceTitle "BritBase"]
[Source "John Saunders"]
[SourceDate "2021.08.31"]
[SourceVersion "1"]
[SourceVersionDate "2021.08.31"]
[SourceQuality "1"]

1. e4 e6 2. d4 d5 3. Nd2 c5 4. c3 Nc6 5. Ngf3 Nf6 6. Bd3 Be7 7. O-O dxe4 8.
Nxe4 cxd4 9. cxd4 O-O 10. Nxf6+ Bxf6 11. Be3 Bd7 12. Rc1 Ne7 13. Bb1 Bc6 14.
Ne5 Qd5 15. Nxc6 Nxc6 16. Qd3 g6 17. Rc5 Qd6 18. Rd1 Rfd8 19. Rc4 Rd7 20. Qe4
Rad8 21. Rd3 Qf8 22. h4 Qg7 23. h5 Bxd4 24. hxg6 hxg6 25. Bxd4 Rxd4 26. Rcxd4
Rxd4 27. Rxd4 Qxd4 28. Qxd4 Nxd4 29. Bd3 e5 30. f3 Kf8 31. Kf2 Ke7 32. Ke3 f5
33. f4 Kf6 34. g3 g5 35. a3 Ne6 36. fxe5+ Kxe5 37. Bc4 Nc5 38. Be2 g4 39. Kf2
Kd4 40. b4 Ne4+ 41. Kg2 Kc3 42. Bd1 Kb2 43. a4 Nc3 0-1

[Event "Northumbria Masters"]
[Site "Newcastle upon Tyne, ENG"]
[Date "2019.08.26"]
[Round "6.17"]
[White "Burrows, Martin P"]
[Black "Clark, Robert G"]
[Result "1/2-1/2"]
[WhiteElo "2121"]
[BlackElo "2060"]
[PlyCount "90"]
[EventDate "2019.08.23"]
[EventRounds "9"]
[EventCountry "ENG"]
[SourceTitle "BritBase"]
[Source "John Saunders"]
[SourceDate "2021.08.31"]
[SourceVersion "1"]
[SourceVersionDate "2021.08.31"]
[SourceQuality "1"]

1. e4 e6 2. d4 d5 3. e5 c5 4. c3 Nc6 5. Nf3 Bd7 6. Be2 f6 7. O-O fxe5 8. Nxe5
Nxe5 9. dxe5 Qc7 10. c4 Ne7 11. cxd5 Nxd5 12. Nc3 Nxc3 13. bxc3 Be7 14. Bh5+ g6
15. Bf3 Bc6 16. Bxc6+ Qxc6 17. Bh6 Rd8 18. Qe2 Kd7 19. Be3 Kc8 20. c4 Rd7 21.
Rfd1 Rhd8 22. Rxd7 Rxd7 23. Qg4 Bd8 24. h3 Bc7 25. Qf4 b6 26. a4 a5 27. Rb1 Rd8
28. Rb5 Qd7 29. Qe4 Qd3 30. Qc6 Qxc4 31. Rxb6 Qd5 32. Qxe6+ Qxe6 33. Rxe6 Rd1+
34. Kh2 Kd7 35. Ra6 Bxe5+ 36. g3 Bc7 37. Bxc5 Ra1 38. h4 Rxa4 39. Kg2 Rc4 40.
Be3 Rc6 41. Ra8 h5 42. Kf3 Ke6 43. Ke4 Rc4+ 44. Kd3 Rc6 45. Ke4 Rc4+ 1/2-1/2

[Event "Northumbria Masters"]
[Site "Newcastle upon Tyne, ENG"]
[Date "2019.08.26"]
[Round "6.18"]
[White "Milson, Samuel A"]
[Black "Chipanga, Takaedza"]
[Result "1/2-1/2"]
[WhiteElo "2103"]
[BlackElo "2029"]
[PlyCount "116"]
[EventDate "2019.08.23"]
[EventRounds "9"]
[EventCountry "ENG"]
[SourceTitle "BritBase"]
[Source "John Saunders"]
[SourceDate "2021.08.31"]
[SourceVersion "1"]
[SourceVersionDate "2021.08.31"]
[SourceQuality "1"]

1. e4 c5 2. Nf3 d6 3. Nc3 Nc6 4. Bb5 Bd7 5. Bxc6 Bxc6 6. d4 cxd4 7. Qxd4 Nf6 8.
Bg5 e6 9. O-O-O Be7 10. Qd3 O-O 11. h4 Qa5 12. Kb1 Rfc8 13. Nd4 Be8 14. f4 h6
15. g4 Bd8 16. Bxf6 Bxf6 17. g5 Bxd4 18. Qxd4 h5 19. Qxd6 Rc6 20. Qd4 Rac8 21.
Rh3 b5 22. a3 Rc4 23. Qe5 Qb6 24. Qd6 R4c6 25. Qd4 Qb7 26. g6 fxg6 27. f5 exf5
28. exf5 gxf5 29. Rg3 Rc4 30. Qd2 Rg4 31. Rxg4 fxg4 32. Qg5 Qc6 33. Qe7 a5 34.
Ka1 Qf6 35. Nd5 Qf7 36. Qe2 Rb8 37. Ne7+ Kh8 38. Rf1 Qc4 39. Rf8+ Kh7 40. Qf2
Qe6 41. Qf5+ Qxf5 42. Rxf5 Rb7 43. Re5 Bf7 44. Nc6 Rc7 45. Nd4 Rc4 46. c3 b4
47. Rxa5 bxc3 48. bxc3 Rxc3 49. Ra7 Rc1+ 50. Kb2 Rf1 51. Ra5 Rf4 52. Kc3 g3 53.
Rg5 Rxh4 54. Nf5 Rg4 55. Rxg4 hxg4 56. Nxg3 Bd5 57. Kd4 Ba8 58. Ke5 Kg6 1/2-1/2

[Event "Northumbria Masters"]
[Site "Newcastle upon Tyne, ENG"]
[Date "2019.08.26"]
[Round "6.19"]
[White "Izod, Chris"]
[Black "Ratnesan, Ranesh"]
[Result "0-1"]
[WhiteElo "1943"]
[BlackElo "2098"]
[PlyCount "74"]
[EventDate "2019.08.23"]
[EventRounds "9"]
[EventCountry "ENG"]
[SourceTitle "BritBase"]
[Source "John Saunders"]
[SourceDate "2021.08.31"]
[SourceVersion "1"]
[SourceVersionDate "2021.08.31"]
[SourceQuality "1"]

1. d4 Nf6 2. c4 g6 3. Nc3 Bg7 4. Nf3 O-O 5. g3 d6 6. Bg2 c6 7. O-O Qa5 8. e4
Bg4 9. h3 Bxf3 10. Bxf3 e5 11. Be3 Nbd7 12. d5 cxd5 13. cxd5 Rfc8 14. a3 b5 15.
b4 Qa6 16. Qd3 Nb6 17. a4 Rc4 18. axb5 Qc8 19. Rfc1 Nfd7 20. Bg4 f5 21. exf5 e4
22. Nxe4 Bxa1 23. Rxa1 Ne5 24. Qb1 Qd8 25. fxg6 hxg6 26. Be6+ Kh7 27. Ng5+ Kg7
28. Kg2 Rc3 29. Ne4 Rxe3 30. fxe3 Nbc4 31. Qb3 Qb6 32. Ra6 Nxe3+ 33. Kh1 Qd4
34. Nxd6 Rf8 35. Bf5 Nxf5 36. Qb1 Nxg3+ 37. Kh2 Qf2# 0-1

[Event "Northumbria Masters"]
[Site "Newcastle upon Tyne, ENG"]
[Date "2019.08.26"]
[Round "6.20"]
[White "Shaw, Peter"]
[Black "Turner, Max N"]
[Result "1/2-1/2"]
[WhiteElo "2076"]
[BlackElo "2012"]
[PlyCount "118"]
[EventDate "2019.08.23"]
[EventRounds "9"]
[EventCountry "ENG"]
[SourceTitle "BritBase"]
[Source "John Saunders"]
[SourceDate "2021.08.31"]
[SourceVersion "1"]
[SourceVersionDate "2021.08.31"]
[SourceQuality "1"]

1. d4 d5 2. Bf4 Nf6 3. e3 c5 4. c3 Nc6 5. Nd2 cxd4 6. exd4 Bf5 7. Qb3 Qc8 8.
Ngf3 e6 9. Nh4 Be4 10. f3 Bg6 11. Nxg6 hxg6 12. g4 Qd7 13. Bg2 O-O-O 14. Qa4
Bd6 15. Bg3 Qc7 16. Kf2 Bxg3+ 17. hxg3 e5 18. Nb3 e4 19. Rae1 Rxh1 20. Bxh1 Rh8
21. Nc5 Rh3 22. Rg1 e3+ 23. Kxe3 Rxg3 24. Re1 Nxg4+ 25. Kd3 Nf6 26. Kc2 Rh3 27.
Qb5 Rh2+ 28. Kb1 Qb6 29. Qxb6 axb6 30. Nd3 Nh5 31. f4 Rd2 32. Ne5 Nxe5 33. fxe5
Nf4 34. Bf3 Rh2 35. Rg1 Kd7 36. Rg4 Nd3 37. Bxd5 Rxb2+ 38. Ka1 Rf2 39. a4 Ke7
40. Rg3 Nf4 41. Bxb7 f6 42. exf6+ gxf6 43. c4 Rc2 44. Ba6 Kd6 45. Kb1 Rd2 46.
d5 g5 47. Ra3 Ke5 48. a5 bxa5 49. Bc8 Rd4 50. Re3+ Kd6 51. Ba6 Nxd5 52. cxd5
Rxd5 53. Bc4 Re5 54. Rg3 Re4 55. Bd3 Re1+ 56. Kc2 Ke5 57. Rf3 Ke6 58. Bf5+ Kd6
59. Bg4 Re4 1/2-1/2